000 00805nam a2200289Ia 4500
001 Para_9549
003 CHAP
008 220125s2006 xx 000 0 und d
010 _a208223
040 _cCHAP
082 _a632.9 L48
100 0 _aLesur, Luis
_966363
245 _aManual de plagas y enfermedades agrícolas :
_b una guía paso a paso /
_c coord. por Luis Lesur
260 _aMéxico, D.F. :
_b Trillas
300 _a80 p.
440 _aCómo hacer bien y fácilmente
_927736
650 _aFitopatología
_941161
650 _aParasitología
_985468
650 0 _aPlantas
_x Plagas
_9172193
901 _a632.9 L48
902 _aM
905 _a0000002006 a 0000000000 00
910 _a2006
942 _cPARA
942 _cPARA
_d1
999 _c208223
_d208223